• 首页
  • 本馆介绍
  • 公告通知
  • 最新文献
  • 馆藏检索
  • 电子资源
  • 读者导购
  • 参考咨询
  • 我的图书馆
  • 登录
  • 详细信息显示
  • 放入我的书架
  • 预约/预借图书
  • 作者相关作品
  • 分类相关作品
  • 丛书相关作品
  • 出版社相关作品

书目信息

  • 表格格式
  • 工作单格式
  • 卡片格式
题名:
火灾事故应急救援与防控工作研究
    
 
作者: 毛丽娜 , 高波 , 徐青选 主编
分册:  
出版信息: 汕头   汕头大学出版社  2022
页数: 177页
开本: 24cm
丛书名:
单 册:
中图分类: X928.7 , X928
科图分类:
主题词: 火灾事故--救援--研究 , 火灾事故--事故预防--研究
电子资源:
ISBN: 978-7-5658-4784-4
000 01239nam0 2200265 450
001 2372025320
005 20231119200041.53
010    @a978-7-5658-4784-4@dCNY46.00
100    @a20230104d2022 em y0chiy50 ea
101 0  @achi
102    @aCN@b440000
105    @ay z 000yy
200 1  @a火灾事故应急救援与防控工作研究@Ahuo zai shi gu ying ji jiu yuan yu fang kong gong zuo yan jiu@f毛丽娜,高波,徐青选主编
210    @a汕头@c汕头大学出版社@d2022
215    @a177页@d24cm
330    @a本书围绕火灾事故应急救援与防控工作展开研究,从事故应急救援与管理特点、事故应急救援的体系构建、事故应急救援预案及管理不同方面切入,探讨火灾灭火救援技术与指挥、高层建筑的火灾救援与防控、地铁的火灾救援与防控、城市交通隧道的火灾救援与防控、防火监督检查及其智慧化应用。近年来,我国的经济迅速发展,人民的生活水平不断提高。随之而来的是,诱发火灾的因素也大量增加,火灾形势仍相当严峻。因此,火灾的应急救援与防控对于保障人民生命财产安全具有积极、重要的意义。
606 0  @a火灾事故@x救援@x研究
606 0  @a火灾事故@x事故预防@x研究
690    @aX928.7@v5
690    @aX928@v4
701  0 @a毛丽娜@Amao li na@4主编
701  0 @a高波@Agao bo@4主编
701  0 @a徐青选@Axu qing xuan@4主编
801  0 @aCN@b山东中教@c20231119
905    @aBZT@dX928@e6
    
    火灾事故应急救援与防控工作研究/毛丽娜,高波,徐青选主编.-汕头:汕头大学出版社,2022
    177页;24cm
    
    
    ISBN 978-7-5658-4784-4:CNY46.00
    本书围绕火灾事故应急救援与防控工作展开研究,从事故应急救援与管理特点、事故应急救援的体系构建、事故应急救援预案及管理不同方面切入,探讨火灾灭火救援技术与指挥、高层建筑的火灾救援与防控、地铁的火灾救援与防控、城市交通隧道的火灾救援与防控、防火监督检查及其智慧化应用。近年来,我国的经济迅速发展,人民的生活水平不断提高。随之而来的是,诱发火灾的因素也大量增加,火灾形势仍相当严峻。因此,火灾的应急救援与防控对于保障人民生命财产安全具有积极、重要的意义。
●
相关链接 在五车中查询图书 在当当中查询图书 在豆瓣中查询图书


正题名:火灾事故应急救援与防控工作研究     索取号:X928/6         预约/预借

序号 登录号 条形码 馆藏地/架位号 状态 备注
1 2000986481   2000986481   中教第一批/山东中教(第一批)/343/ [索取号:X928/6] 在馆    
2 2000986482   2000986482   中教第一批/山东中教(第一批)/343/ [索取号:X928/6] 在馆    
3 2000986483   2000986483   中教第一批/山东中教(第一批)/343/ [索取号:X928/6] 在馆    
4 2000986484   2000986484   中教第一批/山东中教(第一批)/343/ [索取号:X928/6] 在馆    
5 2000986485   2000986485   中教第一批/山东中教(第一批)/343/ [索取号:X928/6] 在馆    
6 2000986486   2000986486   中教第一批/山东中教(第一批)/343/ [索取号:X928/6] 在馆    
山东省滨州职业学院图书馆 欢迎您!
大连网信软件有限公司© 版权所有